| 000 | 00650nam a22002177a 4500 | ||
|---|---|---|---|
| 003 | OSt | ||
| 005 | 20140310182206.0 | ||
| 008 | 130904t xxu||||| |||| 00| 0 eng d | ||
| 020 | _a0880101571 | ||
| 050 |
_aBP 595 _b.St894P4613 1986 |
||
| 082 |
_aHS 299.93 _bSt3 1986 |
||
| 100 |
_aSteiner, Rudolf _91588 |
||
| 245 |
_aThe philosphy of spiritual activity : _bbasic features of a modern world view / _cRudolf Steiner |
||
| 260 |
_aNew York : _bAnthrosophic Press, _cc1986. |
||
| 300 |
_axi,262 p. : _c18 cm. |
||
| 541 | _j1 | ||
| 562 | _e1 | ||
| 650 |
_aAnthroposophy _91589 |
||
| 650 |
_aLinderman, William _916487 |
||
| 942 |
_2lcc _cHS |
||
| 999 |
_c10333 _d10333 |
||